| 000 | 00599nam a22002057a 4500 | ||
|---|---|---|---|
| 001 | 114243 | ||
| 003 | DR-UNIBE | ||
| 005 | 20260108102750.0 | ||
| 008 | 251201b2010 dr ||||| |||| 00| 0 spa d | ||
| 040 |
_aBIBLIOTECA UNIBE _cBIBLIOTECA UNIBE _erda |
||
| 041 | _aspa | ||
| 082 | _aF-RD 6019 | ||
| 245 | 1 | 0 | _aPolítica de igualdad de genero del poder judicial dominicana |
| 260 |
_aSanto Domingo : _bConsejo Nacional de Cooperativas (CONACOOP), _c2010 |
||
| 300 | _a45 páginas | ||
| 650 | 7 |
_2lemb _aJusticia |
|
| 650 | 7 |
_2lemb _aViolencia |
|
| 650 | 7 |
_2lemb _a Discriminación |
|
| 942 |
_2ddc _cMX |
||
| 999 |
_c114243 _d114243 |
||